Población y salud en Mesoamérica /

Este estudio examina el número deseado de hijos en Costa Rica con base en la Encuesta Nacional de Salud Reproductiva de 1999, que comprendió a 1030 mujeres con edades entre 18 y 44 años, muestreadas de 50 conglomerados

Guardado en:
Bibliografiske detaljer
Hovedforfatter: Chinchilla Arley, Ricardo
Institution som forfatter: Universidad de Costa Rica. Centro Centroaméricana de Población
Andre forfattere: ed
Format: Texto
Udgivet: San José: Centro Centroamericano de Población. CCP
Fag:
Tags: Tilføj Tag
Ingen Tags, Vær først til at tagge denne postø!

MARC

LEADER 00000 a a2200000 04500
001 32224
003
040 |a CRAI/IIS  |c CRAI/IIS 
020 |a 9977-15-132-6  
090 |a 201404  
100 |a Chinchilla Arley, Ricardo  
110 |a Universidad de Costa Rica. Centro Centroaméricana de Población  
245 |a Población y salud en Mesoamérica /  |c Ricardo Chinchilla Arley 
260 |a San José:   |b Centro Centroamericano de Población. CCP  
300 |a 538 p.  
500 |a Resumen también en inglés  
520 |a Este estudio examina el número deseado de hijos en Costa Rica con base en la Encuesta Nacional de Salud Reproductiva de 1999, que comprendió a 1030 mujeres con edades entre 18 y 44 años, muestreadas de 50 conglomerados  
650 |a TASA DE FECUNDIDAD  
650 |a PREDICCIONES DE POBLACION  
650 |a ANALISIS ESTADISTICO  
650 |a RESULTADOS DE INVESTIGACION  
650 |a FECUNDIDAD  
700 |a ed  
999 |c 1234  |d 1234